[Event "New Zealand Open"]
[Site "Devonport, Auckland NZL"]
[Date "2016.01.09"]
[EventDate "2016.01.02"]
[Round "8.8"]
[Result "1-0"]
[White "Russell John Dive"]
[Black "Anthony F Ker"]
[WhiteElo "2311"]
[BlackElo "2283"]
[PlyCount "93"]

1. d4 d6 2. Nf3 Bg4 3. c4 Nd7 4. Nc3 e5 5. g3 Bxf3 6. exf3
exd4 7. Qxd4 Ngf6 8. Bg2 Be7 9. O-O O-O 10. Be3 Re8 11. Rfd1
Ne5 12. c5 Qd7 13. f4 Nc6 14. Qa4 a6 15. Rac1 Nd8 16. Qxd7
Nxd7 17. Nd5 Ne6 18. f5 Nexc5 19. Nxc7 a5 20. Bf4 Rac8
21. Nxe8 Rxe8 22. Bxd6 Kf8 23. Kf1 Ra8 24. b3 Ra6 25. Bf4 Nf6
26. h3 Ra8 27. g4 h6 28. Bd6 Nfd7 29. Rc3 Ra6 30. Bxe7+ Kxe7
31. Re3+ Kd8 32. Bd5 Rd6 33. Ke2 f6 34. f4 Nb6 35. Bf7 Nc8
36. Re8+ Kd7 37. Rxc8 Rxd1 38. Rxc5 Rh1 39. Rxa5 Rxh3 40. Bd5
b6 41. Ra7+ Kd6 42. Bf3 Kc5 43. Ke3 Rh2 44. a3 Ra2 45. Rc7+
Kd6 46. Rc6+ Kd7 47. a4 1-0

[Event "New Zealand Open"]
[Site "Devonport, Auckland NZL"]
[Date "2016.01.09"]
[EventDate "2016.01.02"]
[Round "8.9"]
[Result "0-1"]
[White "Edward Rains"]
[Black "Matthew Drummond"]
[WhiteElo "2016"]
[BlackElo "2255"]
[PlyCount "120"]

1. e4 e6 2. d4 d5 3. Nc3 Bb4 4. exd5 exd5 5. Bd3 Nc6 6. a3 Be7
7. Nce2 Bg4 8. c3 Qd7 9. Qc2 Nf6 10. Ng3 Bd6 11. N1e2 Ne7
12. f3 Be6 13. Nf4 Ng6 14. Nfh5 Nxh5 15. Nxh5 Kf8 16. O-O Ne7
17. Bg5 h6 18. Bd2 Bf5 19. Nf4 c6 20. g4 Bxd3 21. Nxd3 h5
22. g5 Qf5 23. Rac1 Re8 24. f4 g6 25. Ne5 Kg7 26. Qxf5 Nxf5
27. Rce1 Bxe5 28. fxe5 Kf8 29. b3 Ke7 30. Bc1 Ke6 31. a4 Rc8
32. Ba3 h4 33. Rf4 b6 34. c4 dxc4 35. bxc4 Rcd8 36. Bd6 Rh5
37. Rd1 Rxg5+ 38. Kf2 Kd7 39. a5 h3 40. d5 cxd5 41. cxd5 Rc8
42. Bb4 Rc2+ 43. Kf3 Rgg2 44. Be1 Rge2 45. Bg3 Rxe5 46. axb6
axb6 47. Rb1 Re3+ 48. Kg4 Nxg3 49. hxg3 f5+ 50. Kg5 h2 51. Rh4
Rxg3+ 52. Kf6 Kd6 53. Rxb6+ Kxd5 54. Rb8 Rc6+ 55. Ke7 Rg2
56. Rd8+ Ke5 57. Rd3 Rc7+ 58. Kd8 Rc1 59. Rdh3 Rd2+ 60. Ke8
Kf6 0-1

[Event "New Zealand Open"]
[Site "Devonport, Auckland NZL"]
[Date "2016.01.09"]
[EventDate "2016.01.02"]
[Round "8.10"]
[Result "0-1"]
[White "Leo Zhang"]
[Black "Paul Anthony Garbett"]
[WhiteElo "2087"]
[BlackElo "2250"]
[PlyCount "84"]

1. d4 Nf6 2. c4 e6 3. Nc3 Bb4 4. Qc2 c5 5. dxc5 Bxc5 6. Nf3
Qb6 7. e3 Qc7 8. Bd3 b6 9. Ne4 Be7 10. O-O Bb7 11. b3 Na6
12. a3 Nc5 13. Nxc5 Qxc5 14. Bb2 Rc8 15. Qe2 O-O 16. e4 d6
17. Rfe1 Nd7 18. Bd4 Qh5 19. Nd2 Qh6 20. Nf3 Bf6 21. Be3 Qg6
22. Rac1 Bxe4 23. Bxe4 Qxe4 24. Qd2 Qc6 25. Red1 Nc5 26. Qc2
Qe4 27. b4 Qxc2 28. Rxc2 Ne4 29. Nd4 d5 30. f3 Nd6 31. c5 Nc4
32. Bf2 bxc5 33. bxc5 Be7 34. Nb3 Rb8 35. Rd3 Rfc8 36. a4 Bf6
37. Bg3 Rb4 38. a5 Nb2 39. Re3 d4 40. Be1 Rb5 41. Rxb2 dxe3
42. Rb1 Be5 0-1

[Event "New Zealand Open"]
[Site "Devonport, Auckland NZL"]
[Date "2016.01.09"]
[EventDate "2016.01.02"]
[Round "8.11"]
[Result "0-1"]
[White "Mark Fredrick Noble"]
[Black "Eric Moskow"]
[WhiteElo "2241"]
[BlackElo "2127"]
[PlyCount "126"]

1. c3 d5 2. d3 Nf6 3. Nd2 c6 4. e4 e5 5. Ngf3 Bd6 6. Be2 O-O
7. h3 Re8 8. Qc2 a5 9. Nf1 Nbd7 10. g4 dxe4 11. dxe4 Nc5
12. Ng3 b5 13. Be3 Qc7 14. Nh4 Ne6 15. g5 Nd7 16. Nhf5 Nf4
17. h4 Bf8 18. h5 Nc5 19. Nh4 Be6 20. Ngf5 Rad8 21. Bxf4 exf4
22. Nd4 Nxe4 23. g6 fxg6 24. hxg6 h6 25. a4 Bc4 26. Bxc4+ bxc4
27. O-O-O Nc5 28. Nhf5 Nd3+ 29. Rxd3 cxd3 30. Qxd3 Qd7
31. Qc4+ Qd5 32. Qxc6 Qxc6 33. Nxc6 Rd7 34. Nfd4 Bc5 35. Rh5
Bxd4 36. Nxd4 Rd6 37. Rxa5 Rxg6 38. Rf5 Rg1+ 39. Kd2 g5 40. b4
Rg2 41. b5 Rxf2+ 42. Kd3 g4 43. Rf6 g3 44. Nf5 g2 45. Rg6+ Kf7
46. Rg4 Kf6 47. Nxh6 Re3+ 48. Kc4 Rg3 49. b6 g1=Q 50. b7 Qf1+
51. Kb4 Rb2+ 52. Ka5 Rxg4 53. Nxg4+ Kg5 54. Ne5 Rxb7 55. Nc4
Ra7+ 56. Kb4 Rxa4+ 57. Kxa4 Qxc4+ 58. Ka5 Qxc3+ 59. Kb5 f3
60. Kb6 f2 61. Kb7 f1=R 62. Ka6 Rb1 63. Ka7 Qa3# 0-1

[Event "New Zealand Open"]
[Site "Devonport, Auckland NZL"]
[Date "2016.01.09"]
[EventDate "2016.01.02"]
[Round "8.12"]
[Result "1/2-1/2"]
[White "Helen Milligan"]
[Black "Hans Gao"]
[WhiteElo "1957"]
[BlackElo "2183"]
[PlyCount "209"]

1. e4 c5 2. Nf3 d6 3. Bb5+ Nc6 4. d4 cxd4 5. Qxd4 Bd7 6. Bxc6
bxc6 7. Nc3 e5 8. Qd3 Qc7 9. O-O Ne7 10. Rd1 Ng6 11. Ne2 Be7
12. c4 Rd8 13. b3 O-O 14. Ba3 Bg4 15. h3 Be6 16. Qe3 f5
17. exf5 Bxf5 18. Ng3 Bc8 19. Ne4 d5 20. Bxe7 Qxe7 21. cxd5
cxd5 22. Ned2 d4 23. Qg5 Qe8 24. Re1 Rf5 25. Qg3 Nf4 26. Nh4
Rf7 27. Rac1 d3 28. Qe3 Ne2+ 29. Rxe2 dxe2 30. Qxe2 Bb7
31. Nhf3 Re7 32. Nc4 Qh5 33. Re1 Qg6 34. Nh4 Qf6 35. Nf3 Rde8
36. Qe3 Bxf3 37. Qxf3 Qxf3 38. gxf3 e4 39. fxe4 Rxe4 40. Ne3
R8e6 41. Rc1 Rg6+ 42. Kf1 Rg5 43. Rc7 Ra5 44. a4 Rb4 45. Nc4
Ra6 46. Ne5 h6 47. Rc3 Rab6 48. Nd7 Rb7 49. Rc8+ Kf7 50. Nc5
Re7 51. Rc6 Rb6 52. Rc8 Kf6 53. Rf8+ Ke5 54. Rd8 Rd6 55. Nd3+
Kd5 56. Nf4+ Kc5 57. Nd3+ Kc6 58. Nb4+ Kc7 59. Rf8 Rd4 60. Nc2
Rd3 61. Nb4 Rd1+ 62. Kg2 a5 63. Nc2 Rd3 64. Ne3 Re5 65. Rf7+
Rd7 66. Rf3 Rg5+ 67. Kf1 Kc6 68. Nc4 Ra7 69. Rf8 Kc5 70. Rc8+
Kb4 71. Nd2 Rc5 72. Rb8+ Ka3 73. Nc4+ Ka2 74. Ke2 Rh5 75. b4
axb4 76. Rxb4 Rxh3 77. Ne3 Rh5 78. Nc2 Rha5 79. Rb6 Rxa4
80. Nb4+ Kb3 81. Nc6+ Kc4 82. Nxa7 Rxa7 83. Rd6 Ra5 84. Kf3
Rd5 85. Rg6 Rd7 86. Re6 Kd5 87. Re8 Rf7+ 88. Kg3 Rf6 89. Re7
Rg6+ 90. Kh3 Kd6 91. Re4 Re6 92. Rg4 Re7 93. Rg3 Ke5 94. Re3+
Kf6 95. Ra3 Kf5 96. Kg3 Re5 97. Ra7 g6 98. Rf7+ Ke4 99. f3+
Ke3 100. f4 Re4 101. Rf6 g5 102. fxg5 hxg5 103. Rg6 g4
104. Rxg4 Rxg4+ 105. Kxg4 1/2-1/2

[Event "New Zealand Open"]
[Site "Devonport, Auckland NZL"]
[Date "2016.01.09"]
[EventDate "2016.01.02"]
[Round "8.13"]
[Result "1-0"]
[White "Heather Richards"]
[Black "Kim Yew Chan"]
[WhiteElo "2165"]
[BlackElo "2019"]
[PlyCount "95"]

1. e4 c5 2. c3 d5 3. exd5 Qxd5 4. d4 Nf6 5. Nf3 e6 6. Be3 Be7
7. c4 Qd8 8. Nc3 cxd4 9. Nxd4 O-O 10. Qf3 e5 11. Ndb5 Nc6
12. h3 Be6 13. Rd1 Qa5 14. Bd2 Rad8 15. a3 Nd4 16. Nxd4 exd4
17. Nd5 Bxd5 18. Bxa5 Bxf3 19. Bxd8 Bxd1 20. Bxe7 Re8 21. Kxd1
Rxe7 22. Bd3 Kf8 23. Kd2 a5 24. b4 axb4 25. axb4 b6 26. Ra1
Rb7 27. Bc2 Ke7 28. Kd3 Rd7 29. Re1+ Kd8 30. Ba4 Rd6 31. Re5
h6 32. Bb5 g6 33. g3 Nd7 34. Bxd7 Kxd7 35. Rd5 Rxd5 36. cxd5
Kd6 37. Kxd4 b5 38. g4 f6 39. Ke4 h5 40. gxh5 gxh5 41. h4 f5+
42. Kxf5 Kxd5 43. f4 Kc4 44. Kg6 Kxb4 45. f5 Kc3 46. f6 b4
47. f7 b3 48. f8=Q 1-0

[Event "New Zealand Open"]
[Site "Devonport, Auckland NZL"]
[Date "2016.01.09"]
[EventDate "2016.01.02"]
[Round "8.14"]
[Result "1-0"]
[White "Reyk Schaefer"]
[Black "Layla Timergazi"]
[WhiteElo "2134"]
[BlackElo "1915"]
[PlyCount "75"]

1. Nf3 Nf6 2. g3 g6 3. d4 Bg7 4. b3 d6 5. Bb2 O-O 6. Bg2 Nc6
7. O-O Bg4 8. d5 Nb8 9. h3 Bxf3 10. Bxf3 Nbd7 11. c4 a5
12. Nc3 Nc5 13. Qc2 Qd7 14. Bg2 e5 15. dxe6 Qxe6 16. Rad1 Rfe8
17. a3 a4 18. b4 Nce4 19. Nd5 Rac8 20. Kh2 Nxd5 21. cxd5 Qf5
22. Bxg7 Kxg7 23. e3 Kg8 24. Bxe4 Rxe4 25. Rd2 b5 26. Rfd1 h5
27. Rd4 Rce8 28. Rxe4 Rxe4 29. Rd4 Rf4 30. Qxf5 Rxf5 31. f4
Kf8 32. Kg2 Ke7 33. g4 hxg4 34. hxg4 Rf6 35. g5 Rf5 36. Kf3 c5
37. Rd1 cxb4 38. axb4 1-0

[Event "New Zealand Open"]
[Site "Devonport, Auckland NZL"]
[Date "2016.01.09"]
[EventDate "2016.01.02"]
[Round "8.15"]
[Result "1-0"]
[White "Robert Wayne Smith"]
[Black "Daniel Hanwen Gong"]
[WhiteElo "2208"]
[BlackElo "2055"]
[PlyCount "95"]

1. e4 c5 2. Be2 e6 3. d3 Nc6 4. f4 d5 5. Nd2 b5 6. Ngf3 Bd6
7. Nb3 Qb6 8. Be3 d4 9. Bd2 Nge7 10. a4 b4 11. O-O a5 12. Kh1
Ba6 13. e5 Bc7 14. Ng5 Nb8 15. Qe1 Nd7 16. Qh4 h6 17. Qh5 Ng6
18. Nxf7 Kxf7 19. Bf3 Rae8 20. Be4 Ndf8 21. Rf3 Bb7 22. Bxg6+
Nxg6 23. Rg3 Ke7 24. Rxg6 Ref8 25. Rxg7+ Kd8 26. Qh4+ Kc8
27. Qe7 Rfg8 28. Nxc5 Rxg7 29. Qxg7 Qxc5 30. Qxh8+ Bd8
31. Qxh6 Kb8 32. Rc1 Qc6 33. Qh3 Bb6 34. b3 Bd8 35. Qg4 Ka7
36. Qe2 Qe8 37. Be1 Qg6 38. Bg3 Qf5 39. Kg1 Bd5 40. Rf1 Kb6
41. h3 Kc5 42. Qg4 Qf7 43. f5 Qb7 44. Bf2 exf5 45. Bxd4+ Kc6
46. Rxf5 Kc7 47. Qg7+ Kb8 48. Qxb7+ 1-0

[Event "New Zealand Open"]
[Site "Devonport, Auckland NZL"]
[Date "2016.01.09"]
[EventDate "2016.01.02"]
[Round "8.16"]
[Result "0-1"]
[White "Tim Reilly"]
[Black "Shenyue Li"]
[WhiteElo "2203"]
[BlackElo "2007"]
[PlyCount "126"]

1. d4 Nf6 2. c4 e6 3. Nc3 d5 4. cxd5 exd5 5. Bg5 Be7 6. e3 c6
7. Bd3 O-O 8. Qc2 h6 9. Bh4 Nh5 10. Bxe7 Qxe7 11. Nge2 Qg5
12. O-O-O a5 13. Rdg1 f5 14. h4 Qe7 15. Na4 Ra7 16. g3 Na6
17. Bxa6 Rxa6 18. Nc5 Ra8 19. Nf4 Nxf4 20. gxf4 b6 21. Nd3 Qe4
22. Rh3 Ba6 23. Ne5 Qxc2+ 24. Kxc2 Ra7 25. Rhg3 Rf6 26. Rg6
Kf8 27. Rxf6+ gxf6 28. Ng6+ Kf7 29. h5 Be2 30. Kd2 Bxh5
31. Nh4 Ke6 32. Rg8 Rh7 33. Rc8 Kd7 34. Rb8 Kc7 35. Rf8 Bf7
36. Nxf5 h5 37. Nh4 Rg7 38. a3 b5 39. Nf5 Rh7 40. Nh4 Rg7
41. Ke2 Rh7 42. Kf3 Kd6 43. Ra8 a4 44. f5 Rg7 45. Ra7 Rh7
46. Kf4 Bg8 47. Ra8 Bf7 48. f3 Kc7 49. Ra7+ Kb6 50. Rd7 Bg8
51. Rd8 Rg7 52. Rd6 Rf7 53. e4 dxe4 54. fxe4 Kc7 55. e5 fxe5+
56. dxe5 Rd7 57. Rxd7+ Kxd7 58. Kg5 c5 59. Kf6 b4 60. e6+ Ke8
61. Ke5 c4 62. Kd4 c3 63. bxc3 bxa3 0-1

[Event "New Zealand Open"]
[Site "Devonport, Auckland NZL"]
[Date "2016.01.09"]
[EventDate "2016.01.02"]
[Round "8.17"]
[Result "1-0"]
[White "Roger L Perry"]
[Black "Alphaeus Wei Ern Ang"]
[WhiteElo "2005"]
[BlackElo "2136"]
[PlyCount "141"]

1. e4 Nc6 2. Nf3 f5 3. exf5 d5 4. Bb5 Bxf5 5. Ne5 Qd6 6. d4
Nf6 7. O-O Nd7 8. Bxc6 bxc6 9. Bf4 Nxe5 10. Bxe5 Qg6 11. c4
Rb8 12. Qd2 h5 13. cxd5 cxd5 14. Nc3 e6 15. Bxc7 Rb7 16. Be5
Bb4 17. Rac1 O-O 18. a3 Bxc3 19. Rxc3 h4 20. b4 Be4 21. f3
Rbf7 22. f4 Rf5 23. Rc7 R8f7 24. Rxf7 Rxf7 25. Rc1 h3 26. g3
Qg4 27. Qe3 Bg2 28. Kf2 Qf5 29. Qe2 Rb7 30. b5 Be4 31. Rc3 Bg2
32. a4 Qb1 33. Rc8+ Kf7 34. Qh5+ Qg6 35. Rf8+ Kxf8 36. Qxg6 a6
37. Qxe6 Rf7 38. b6 Be4 39. Bd6+ Kg8 40. b7 a5 41. b8=Q+ Kh7
42. Qxf7 Bf3 43. Kxf3 Kh6 44. Qfa7 Kg6 45. Qxa5 Kh6 46. Qxd5
Kg6 47. Qe6+ Kh5 48. Qxh3+ Kg6 49. Qf1 Kf6 50. Qbb5 Kg6
51. Qg5+ Kh7 52. a5 Kh8 53. a6 Kh7 54. a7 Kh8 55. Be5 Kh7
56. Bxg7 Kg8 57. Be5+ Kh7 58. Bb8 Kh8 59. a8=R Kh7 60. Qf5+
Kh8 61. Q5b1 Kg7 62. g4 Kh6 63. Qbe1 Kh7 64. h4 Kh8 65. h5 Kg8
66. g5 Kh8 67. f5 Kg8 68. h6 Kh8 69. g6 Kg8 70. f6 Kh8
71. Be5# 1-0

[Event "New Zealand Open"]
[Site "Devonport, Auckland NZL"]
[Date "2016.01.09"]
[EventDate "2016.01.02"]
[Round "8.18"]
[Result "1-0"]
[White "Tony Dowden"]
[Black "Nathan Goodhue"]
[WhiteElo "2088"]
[BlackElo "1990"]
[PlyCount "103"]

1. Nf3 b6 2. g3 Bb7 3. Bg2 e5 4. e4 d6 5. Nc3 Nf6 6. O-O c5
7. d3 Be7 8. Nh4 Nc6 9. Nf5 g6 10. Nxe7 Nxe7 11. Bh6 Rg8
12. Bg5 Nh5 13. Bh3 f6 14. Bd2 Bc8 15. Bg2 Qd7 16. f4 Bb7
17. a4 a6 18. a5 b5 19. fxe5 fxe5 20. Rf2 Rf8 21. Rxf8+ Kxf8
22. Qf1+ Kg8 23. Bh3 Qd8 24. Be6+ Kh8 25. Bh6 Ng8 26. Be3 Ng7
27. Bd5 Bxd5 28. Nxd5 Qf8 29. Qxf8 Rxf8 30. Rf1 Rxf1+ 31. Kxf1
Ne6 32. b4 Kg7 33. c3 Kf7 34. c4 bxc4 35. b5 Nd8 36. Bg5 Ke8
37. dxc4 h6 38. Nc7+ Kd7 39. Bxd8 Kxd8 40. b6 Ne7 41. Nxa6 Kc8
42. Nc7 Kb7 43. Nb5 Nc6 44. Nxd6+ Ka6 45. Nf7 Nxa5 46. Nxe5
Kxb6 47. Ke2 h5 48. h4 Nc6 49. Nxc6 Kxc6 50. Ke3 Kd6 51. Kf4
Ke6 52. e5 1-0

[Event "New Zealand Open"]
[Site "Devonport, Auckland NZL"]
[Date "2016.01.09"]
[EventDate "2016.01.02"]
[Round "8.19"]
[Result "0-1"]
[White "David Cilia Vincenti"]
[Black "Michael Klyszcz"]
[WhiteElo "2061"]
[BlackElo "1979"]
[PlyCount "84"]

1. d4 Nf6 2. c4 g6 3. Nc3 d5 4. cxd5 Nxd5 5. e4 Nxc3 6. bxc3
c5 7. Bb5+ Bd7 8. Rb1 Qa5 9. Qd3 Bg7 10. Nf3 O-O 11. O-O Rd8
12. Bg5 Nc6 13. d5 Bg4 14. Qe3 Bxf3 15. dxc6 bxc6 16. Bxc6
Rac8 17. Bb7 Bg4 18. Bxc8 Rxc8 19. e5 Qc7 20. Bf4 Qc6 21. c4
h5 22. Rfe1 Rd8 23. h3 Be6 24. Bg5 Rd7 25. Bh6 Rd4 26. Rb8+
Kh7 27. Bxg7 Kxg7 28. Qg5 Qc7 29. Re8 Rd7 30. Rb1 Bxc4 31. g4
f6 32. exf6+ exf6 33. Qe3 Bf7 34. Re4 Bd5 35. Rf4 Re7 36. Qg3
h4 37. Qh2 Qa5 38. f3 Re1+ 39. Rxe1 Qxe1+ 40. Kg2 g5 41. Ra4
Qe2+ 42. Kg1 Qd1+ 0-1

[Event "New Zealand Open"]
[Site "Devonport, Auckland NZL"]
[Date "2016.01.09"]
[EventDate "2016.01.02"]
[Round "8.20"]
[Result "0-1"]
[White "Caroline Yan"]
[Black "Gino Thornton"]
[WhiteElo "1672"]
[BlackElo "2207"]
[PlyCount "98"]

1. d4 Nf6 2. c4 e6 3. Nc3 Bb4 4. e3 O-O 5. Nf3 d5 6. Be2 c5
7. O-O Nc6 8. dxc5 Bxc5 9. a3 b6 10. b4 Bd6 11. Bb2 Ne7
12. Rc1 Bb7 13. Nb5 Bb8 14. Be5 a6 15. Nc3 Ng6 16. Bxb8 Qxb8
17. Qd4 Bc6 18. b5 e5 19. Qd1 axb5 20. cxb5 Bb7 21. Qb3 Rd8
22. Rfd1 Qd6 23. a4 Rd7 24. Na2 Ne4 25. Nc3 Nc5 26. Qa2 Qe6
27. Rc2 Rad8 28. Rcd2 d4 29. Qxe6 Nxe6 30. exd4 exd4 31. Na2
Ngf4 32. Nb4 d3 33. Bxd3 Bxf3 34. gxf3 Nc5 35. Nc6 Ncxd3
36. Nxd8 Rxd8 37. Rc2 g6 38. Kf1 Rd4 39. Rcd2 Kg7 40. a5 bxa5
41. b6 Rb4 42. Rxd3 Nxd3 43. Rxd3 Rxb6 44. Ra3 Rb5 45. Kg2 Kf6
46. Kg3 Ke5 47. Ra4 Kd6 48. f4 Ke6 49. f3 Rf5 0-1

[Event "New Zealand Open"]
[Site "Devonport, Auckland NZL"]
[Date "2016.01.09"]
[EventDate "2016.01.02"]
[Round "8.21"]
[Result "1-0"]
[White "John Duneas"]
[Black "Leo Zhu"]
[WhiteElo "2110"]
[BlackElo "1989"]
[PlyCount "57"]

1. d4 Nf6 2. c4 g6 3. Nc3 Bg7 4. e4 d6 5. Be2 O-O 6. f4 c5
7. d5 e6 8. Nf3 exd5 9. cxd5 Re8 10. e5 dxe5 11. fxe5 Ng4
12. e6 fxe6 13. d6 Bd7 14. O-O Qb6 15. Ne4 Bc6 16. Nfg5 c4+
17. Kh1 c3 18. Bxg4 cxb2 19. Bxb2 Qxb2 20. Rb1 Qe5 21. Qf3 Nd7
22. Qf7+ Kh8 23. Bxe6 Rxe6 24. Nxe6 Bxe4 25. Rbe1 Nc5 26. Nxc5
Qxc5 27. Rxe4 Be5 28. Rfe1 Rc8 29. d7 1-0

[Event "New Zealand Open"]
[Site "Devonport, Auckland NZL"]
[Date "2016.01.09"]
[EventDate "2016.01.02"]
[Round "8.22"]
[Result "1-0"]
[White "William Xiang Wei Li"]
[Black "Philip I Hair"]
[WhiteElo "2030"]
[BlackElo "1932"]
[PlyCount "125"]

1. d4 Nf6 2. c4 d6 3. Nc3 c6 4. e4 e5 5. Nf3 Qc7 6. Be2 Be7
7. O-O Bg4 8. Be3 O-O 9. Rc1 a5 10. a3 Na6 11. Rb1 Rfe8
12. Qc2 Bd7 13. Rfc1 Rac8 14. dxe5 dxe5 15. Na4 c5 16. Nc3 b6
17. Bd3 Ng4 18. Bd2 Nb8 19. Nd5 Qd6 20. Bc3 Bd8 21. Rd1 Nc6
22. h3 Nf6 23. Qd2 Nd4 24. Bxd4 cxd4 25. b4 Nxd5 26. cxd5 Qg6
27. Kh1 f5 28. exf5 Bxf5 29. Bxf5 Qxf5 30. Qe2 Rc2 31. Nxd4
Rxe2 32. Nxf5 Rxf2 33. Nd6 Ref8 34. bxa5 bxa5 35. Nc4 e4
36. Rd4 Re2 37. d6 Bh4 38. d7 Bf6 39. Rdd1 Bd8 40. Re1 Rxe1+
41. Rxe1 Bc7 42. Kg1 Rd8 43. Rd1 Kf8 44. Rd5 Ke7 45. Nxa5 Rxd7
46. Rxd7+ Kxd7 47. Nb3 Bb6+ 48. Kf1 Kc6 49. Ke2 Kd5 50. a4 Kc4
51. Nd2+ Kd5 52. Nb3 Kc4 53. a5 Ba7 54. Nd2+ Kd5 55. a6 e3
56. Nf1 Kc6 57. Nxe3 Kb5 58. Nf5 g6 59. Ng7 Kxa6 60. Ne6 h6
61. Nf8 g5 62. Nh7 Bc5 63. Kf3 1-0

[Event "New Zealand Open"]
[Site "Devonport, Auckland NZL"]
[Date "2016.01.09"]
[EventDate "2016.01.02"]
[Round "8.23"]
[Result "0-1"]
[White "William F Forster"]
[Black "Karl Kai Zhu"]
[WhiteElo "1975"]
[BlackElo "1996"]
[PlyCount "58"]

1. d4 d5 2. c4 e6 3. Nc3 c5 4. e3 cxd4 5. exd4 Nc6 6. Nf3 Nge7
7. c5 a6 8. Bd3 g6 9. O-O Bg7 10. Be3 O-O 11. Re1 e5 12. Bf1
e4 13. Nh4 Bf6 14. g3 Bxh4 15. gxh4 Nf5 16. h5 Nh4 17. Be2 Qd7
18. Kh1 Qf5 19. Rg1 Nb4 20. Rg5 Qh3 21. Rg3 Qe6 22. a3 Nc6
23. Qb3 Nf5 24. Rg5 Rd8 25. hxg6 hxg6 26. Qd1 Qf6 27. Bg4 Nxe3
28. Nxd5 Rxd5 29. Rxd5 Nxd1 0-1

[Event "New Zealand Open"]
[Site "Devonport, Auckland NZL"]
[Date "2016.01.09"]
[EventDate "2016.01.02"]
[Round "8.24"]
[Result "0-1"]
[White "Leighton Nicholls"]
[Black "Paul Macdonald"]
[WhiteElo "1910"]
[BlackElo "1946"]
[PlyCount "52"]

1. f4 f5 2. Nf3 g6 3. g3 Bg7 4. Bg2 Nf6 5. O-O O-O 6. d3 d6
7. Qe1 Nc6 8. e4 fxe4 9. dxe4 e5 10. fxe5 dxe5 11. Nc3 Nd4
12. Nxd4 exd4 13. Nd5 Nxd5 14. Rxf8+ Qxf8 15. exd5 Bf5 16. Qf2
Qc5 17. Bf4 Rf8 18. Rc1 g5 19. Bxg5 Be4 20. Qd2 Bxg2 21. Qxg2
d3+ 22. Kh1 Bxb2 23. Re1 dxc2 24. Bc1 Bxc1 25. Rxc1 Qe3
26. Qg1 Rf2 0-1

[Event "New Zealand Open"]
[Site "Devonport, Auckland NZL"]
[Date "2016.01.09"]
[EventDate "2016.01.02"]
[Round "8.25"]
[Result "0-1"]
[White "Richard Taylor"]
[Black "Matthew McNabb"]
[WhiteElo "1888"]
[BlackElo "2083"]
[PlyCount "48"]

1. e4 c5 2. Nf3 d6 3. d4 cxd4 4. Nxd4 Nf6 5. Nc3 a6 6. Bg5
Nbd7 7. Bxf6 Nxf6 8. Be2 e6 9. O-O Be7 10. Qd2 O-O 11. Rad1
Qc7 12. Nb3 Rd8 13. Qf4 b5 14. a3 Bb7 15. Bf3 e5 16. Qe3 Rac8
17. Rd2 h6 18. g3 Nd7 19. Bg4 Rb8 20. Rfd1 Nb6 21. Be2 d5
22. Nxd5 Nxd5 23. exd5 Bg5 24. d6 Qc6 0-1

[Event "New Zealand Open"]
[Site "Devonport, Auckland NZL"]
[Date "2016.01.09"]
[EventDate "2016.01.02"]
[Round "8.26"]
[Result "1/2-1/2"]
[White "Stanley Yee"]
[Black "L Ross Jackson"]
[WhiteElo "1975"]
[BlackElo "1884"]
[PlyCount "56"]

1. d4 d5 2. Nf3 Nf6 3. Bg5 e6 4. e3 Nbd7 5. Bd3 c5 6. c3 Qb6
7. Qc2 c4 8. Be2 Ne4 9. Bf4 Be7 10. Nbd2 Nxd2 11. Qxd2 O-O
12. g4 Bd6 13. Bg3 Qc7 14. O-O-O b5 15. Ng5 h6 16. Nh3 Nf6
17. Bxd6 Qxd6 18. f3 a5 19. g5 hxg5 20. Nxg5 b4 21. Rdg1 bxc3
22. Qxc3 Bd7 23. Bd1 Ne8 24. Qc2 f5 25. Qg2 Rf6 26. h4 e5
27. Qd2 Rb8 28. Bc2 Qb6 1/2-1/2

[Event "New Zealand Open"]
[Site "Devonport, Auckland NZL"]
[Date "2016.01.09"]
[EventDate "2016.01.02"]
[Round "8.27"]
[Result "1/2-1/2"]
[White "Bernard Alan Carpinter"]
[Black "Sean Watharow"]
[WhiteElo "1928"]
[BlackElo "1913"]
[PlyCount "72"]

1. d4 Nf6 2. Nf3 g6 3. Bg5 Bg7 4. Nbd2 d5 5. c3 O-O 6. e3 b6
7. b4 a5 8. a3 Nbd7 9. Be2 h6 10. Bh4 Qe8 11. h3 e5 12. O-O e4
13. Nh2 Nh7 14. Bg3 Qd8 15. c4 c6 16. cxd5 cxd5 17. Qb3 Nhf6
18. a4 axb4 19. Qxb4 Re8 20. Rfc1 Bf8 21. Qc3 Ba6 22. Bb5 Qe7
23. Nhf1 Rec8 24. Qb3 Bxb5 25. axb5 Qb4 26. Rxa8 Rxa8 27. Rb1
Qa5 28. f3 Rc8 29. fxe4 Rc3 30. Qb2 Ba3 31. Qa1 dxe4 32. Be1
Bb4 33. Qb2 Ba3 34. Qa1 Bb4 35. Qb2 Ba3 36. Qa1 Bb4 1/2-1/2

[Event "New Zealand Open"]
[Site "Devonport, Auckland NZL"]
[Date "2016.01.09"]
[EventDate "2016.01.02"]
[Round "8.28"]
[Result "1-0"]
[White "Allen Chi Zhou Fan"]
[Black "Christopher Benson"]
[WhiteElo "1825"]
[BlackElo "1920"]
[PlyCount "89"]

1. Nf3 e6 2. c4 f5 3. g3 Nf6 4. Bg2 g6 5. d4 Bg7 6. Nc3 d5
7. O-O c6 8. b3 O-O 9. e3 Nbd7 10. Ne2 Ne4 11. Qc2 Ndf6
12. Ne5 Bd7 13. Ba3 Re8 14. f3 Ng5 15. h4 Nf7 16. Nxf7 Kxf7
17. e4 dxe4 18. fxe4 Ng4 19. Rf3 Kg8 20. e5 Rc8 21. Rd1 Qa5
22. Bd6 Bh6 23. Nf4 c5 24. dxc5 Bc6 25. Rc3 Bxg2 26. Kxg2 Bg7
27. Re1 Kf7 28. Nd3 Qd8 29. b4 h5 30. Nf2 Nh6 31. Nh3 Ng4
32. Rd3 Qd7 33. b5 Red8 34. Ng5+ Kg8 35. Red1 Qe8 36. Qe2 a6
37. a4 axb5 38. cxb5 Ra8 39. Qa2 Rd7 40. Qxe6+ Qxe6 41. Nxe6
Bxe5 42. Bxe5 Rxd3 43. Rxd3 Nxe5 44. Rd8+ Rxd8 45. Nxd8 1-0

[Event "New Zealand Open"]
[Site "Devonport, Auckland NZL"]
[Date "2016.01.09"]
[EventDate "2016.01.02"]
[Round "8.29"]
[Result "0-1"]
[White "Hikaru Oka"]
[Black "Hilton P Bennett"]
[WhiteElo "1449"]
[BlackElo "1958"]
[PlyCount "106"]

1. e4 g6 2. d4 Bg7 3. Nf3 d6 4. Be3 a6 5. Nbd2 b5 6. c3 Bb7
7. Bd3 Nd7 8. O-O c5 9. b3 Qc7 10. c4 b4 11. Rc1 Ngf6 12. d5
O-O 13. Qc2 Ng4 14. Rfe1 Nxe3 15. Rxe3 a5 16. Ng5 Ne5 17. Rh3
h6 18. Ngf3 Bc8 19. Rg3 Bd7 20. Be2 a4 21. Nxe5 Bxe5 22. Rd3
axb3 23. axb3 Ra3 24. Nb1 Ra7 25. Qd2 Kh7 26. f4 Bd4+ 27. Kh1
Rfa8 28. h3 Ra2 29. Qd1 Qc8 30. Nd2 Ra1 31. Nb1 R8a2 32. Bf1
Qh8 33. Qe1 Qf6 34. Qg3 Rb2 35. Rdd1 Raa2 36. Rd3 Ra1 37. Rdd1
Rf2 38. e5 Qxf4 39. Qxf4 Rxf4 40. exd6 exd6 41. Re1 Be5
42. Nd2 Rxc1 43. Rxc1 Rf2 44. Nf3 Bc3 45. Bd3 Rb2 46. Bc2 Kg7
47. Kh2 Kf6 48. Rf1 Bf5 49. Bd1 Kg7 50. Kg1 Be4 51. Ne1 f5
52. Kh2 Bxe1 53. Rxe1 Rxg2+ 0-1

[Event "New Zealand Open"]
[Site "Devonport, Auckland NZL"]
[Date "2016.01.09"]
[EventDate "2016.01.02"]
[Round "8.30"]
[Result "1/2-1/2"]
[White "Vyanla M Punsalan"]
[Black "Joy Shu Yan Qin"]
[WhiteElo "1356"]
[BlackElo "1685"]
[PlyCount "84"]

1. e4 e6 2. Nc3 d5 3. d4 Nf6 4. exd5 exd5 5. Nf3 c6 6. a3 h6
7. Be2 Bd6 8. O-O O-O 9. Re1 Be6 10. Be3 Qc7 11. h3 Nbd7
12. Bd3 Rfe8 13. Qd2 Re7 14. Re2 Nb6 15. Rae1 Rae8 16. Qd1 Qc8
17. Ne5 Nbd7 18. Bf4 Nb6 19. Qc1 c5 20. dxc5 Bxc5 21. Nf3 Rd8
22. Ne5 a6 23. Nb1 Nc4 24. b4 Bd6 25. Bxc4 dxc4 26. Nc3 b5
27. Nf3 Qc7 28. Rd1 Kh7 29. Bxd6 Rxd6 30. Rxd6 Qxd6 31. Qd2
Qc7 32. Ne4 Nd7 33. Qd6 Qxd6 34. Nxd6 Kg8 35. Nf5 Re8 36. N3d4
Nf6 37. Nxe6 fxe6 38. Nd6 Re7 39. Nf5 Re8 40. Nd6 Re7 41. Nf5
Re8 42. Nd6 Re7 1/2-1/2